[Event "Capricorne"]
[Site "Chambly CAN"]
[Date "2025.01.15"]
[Round "2.7"]
[White "Taylor, Paul"]
[Black "Bedard, Michel"]
[Result "0-1"]
[WhiteElo "1363"]
[BlackElo "1527"]
[WhiteFideId "-1"]
[WhiteFideId "-1"]
[PlyCount "120"]
[GameId "2191150456845788"]
[EventDate "2025.01.08"]
[EventType "swiss"]
[EventRounds "4"]
[EventCountry "CAN"]

1. e4 e5 2. Nf3 Nf6 3. Bc4 Nxe4 4. Nc3 Nxc3 5. dxc3 d6 6. Ng5 Be6 7. Bxe6 fxe6 8. Qf3 Qd7 9. Qxb7 Be7 10. Qxa8 O-O 11. Qe4 Rf5 12. h4 h6 13. g4 d5 14. Qd3 e4 15. Nxe4 Re5 16. f3 Qc6 17. Bf4 dxe4 18. Qd4 Rc5 19. Qxe4 Qxe4+ 20. fxe4 Rc4 21. Ke2 Rxe4+ 22. Kf3 Rc4 23. Rad1 Kf7 24. Rd4 Rc5 25. Kg3 e5 26. Bxe5 Rxe5 27. Rf1+ Ke6 28. Rdd1 Bd6 29. Kf3 Nd7 30. Rfe1 Nf6 31. g5 hxg5 32. hxg5 Nd7 33. Kg4 g6 34. Rd2 Rxe1 35. Rf2 Rg1+ 36. Kf3 Rxg5 37. Re2+ Re5 38. Rg2 Kf5 39. b4 Nf6 40. a3 g5 41. Kf2 Ne4+ 42. Kf1 Nxc3 43. Rg3 Ne4 44. Rh3 Kg4 45. Rh8 Rf5+ 46. Ke1 Rf8 47. Rh6 Kg3 48. Re6 Kf4 49. c4 g4 50. c5 Kf5 51. Rh6 Bg3+ 52. Kd1 Rd8+ 53. Kc2 Rd2+ 54. Kb3 Bf4 55. Ra6 g3 56. Rxa7 g2 57. Ra8 g1=Q 58. Rf8+ Ke5 59. Re8+ Kd4 60. Rd8+ Ke3 0-1

[Event "Capricorne"]
[Site "Chambly CAN"]
[Date "2025.01.15"]
[Round "2.8"]
[White "Lemieux, Serge"]
[Black "St-Laurent, Luc"]
[Result "1/2-1/2"]
[WhiteElo "1353"]
[BlackElo "1410"]
[WhiteFideId "-1"]
[WhiteFideId "-1"]
[PlyCount "98"]
[GameId "2191150456845789"]
[EventDate "2025.01.08"]
[EventType "swiss"]
[EventRounds "4"]
[EventCountry "CAN"]

1. d4 d5 2. Bf4 c5 3. c3 Qb6 4. Bc1 Nc6 5. dxc5 Qxc5 6. Nf3 Nf6 7. b4 Qd6 8. g3 e5 9. b5 Na5 10. Ba3 Qc7 11. Bxf8 Kxf8 12. Bg2 Bf5 13. Nfd2 Rd8 14. O-O Ke7 15. Qa4 b6 16. e4 Be6 17. Qb4+ Qc5 18. exd5 Bxd5 19. Bxd5 Rxd5 20. Qxc5+ Rxc5 21. Nb3 Rxb5 22. N1d2 Rd8 23. c4 Nxb3 24. axb3 Rc5 25. Rxa7+ Kf8 26. Ra2 Rc7 27. Re1 Rcd7 28. Nf3 e4 29. Ne5 Rd1 30. Kf1 Rxe1+ 31. Kxe1 Nd7 32. Rd2 Ke8 33. Nc6 Rc8 34. Nd4 g6 35. Re2 f5 36. f3 Nf6 37. g4 Kf7 38. gxf5 exf3 39. fxg6+ hxg6 40. Nxf3 Nh5 41. Ng5+ Kf6 42. Ne4+ Kg7 43. Nd6 Rd8 44. Ne8+ Kf7 45. Nc7 Rd3 46. Rf2+ Kg8 47. Ne6 Re3+ 48. Re2 Rxb3 49. Ng5 Nf6 1/2-1/2

[Event "Capricorne"]
[Site "Chambly CAN"]
[Date "2025.01.22"]
[Round "3.1"]
[White "Weston, Paul"]
[Black "Cossette, Richard"]
[Result "0-1"]
[WhiteElo "1865"]
[BlackElo "1814"]
[WhiteFideId "-1"]
[WhiteFideId "-1"]
[PlyCount "88"]
[GameId "2191150456866278"]
[EventDate "2025.01.08"]
[EventType "swiss"]
[EventRounds "4"]
[EventCountry "CAN"]

1. d4 d6 2. e4 Nf6 3. Nc3 g6 4. f4 Bg7 5. Nf3 O-O 6. Bd3 c5 7. e5 dxe5 8. dxe5 Nd5 9. Nxd5 Qxd5 10. Qe2 Nc6 11. c3 Bg4 12. O-O Rad8 13. Be4 Qd7 14. Be3 b6 15. Rfd1 Qc7 16. Rxd8 Nxd8 17. Rd1 f6 18. Qc4+ Kh8 19. exf6 exf6 20. h3 Be6 21. Bd5 Re8 22. Bf2 Bd7 23. Re1 Rxe1+ 24. Bxe1 Qd6 25. Bf2 Bh6 26. Be3 Ne6 27. Bxe6 Bxe6 28. Qe4 Bd5 29. Qe8+ Kg7 30. Nh2 Bc6 31. Qc8 Qd1+ 32. Nf1 Qd5 33. Kf2 Qxg2+ 34. Ke1 Bb5 35. Qc7+ Kg8 36. Qc8+ Bf8 37. Qe6+ Kg7 38. c4 Bc6 39. Nd2 b5 40. b3 b4 41. Kd1 a5 42. Kc2 a4 43. h4 f5 44. h5 Be4+ {Les Blancs ont perdu au temps.} 0-1

[Event "Capricorne"]
[Site "Chambly CAN"]
[Date "2025.01.22"]
[Round "3.2"]
[White "Cousineau, Francois"]
[Black "Cournoyer, Raphael"]
[Result "0-1"]
[WhiteElo "1756"]
[BlackElo "1609"]
[WhiteFideId "-1"]
[WhiteFideId "-1"]
[PlyCount "106"]
[GameId "2191150456866279"]
[EventDate "2025.01.08"]
[EventType "swiss"]
[EventRounds "4"]
[EventCountry "CAN"]

1. e4 c6 2. d4 d5 3. e5 Bf5 4. h4 h5 5. Bd3 Bxd3 6. Qxd3 e6 7. Bg5 Qb6 8. Nd2 Nd7 9. Ngf3 Nh6 10. O-O Nf5 11. c4 f6 12. Bf4 Be7 13. c5 Qd8 14. Rfe1 Kf7 15. exf6 gxf6 16. Rxe6 Kxe6 17. Re1+ Kf7 18. Qxf5 Nf8 19. Ng5+ Kg7 20. Nh3 Ng6 21. Bg3 Qc8 22. Qd3 Re8 23. Re3 Bf8 24. Rf3 Re1+ 25. Kh2 Qe6 26. Bf4 Nxh4 27. Rg3+ Kh8 28. Be3 Qf5 29. Qc3 Re8 30. Nf3 Nxf3+ 31. Rxf3 Qb1 32. Nf4 Rh1+ 33. Kg3 h4+ 34. Kg4 Bh6 35. Qd3 Rg8+ 36. Kf5 Qxd3+ 37. Nxd3 Bxe3 38. Rxe3 Rxg2 39. Kxf6 Rg7 40. Nf4 Kh7 41. Re5 Rh2 42. Rh5+ Kg8 43. Ne6 Rxf2+ 44. Ke5 Re2+ 45. Kd6 Rg6 46. Kc7 Rgxe6 47. Kxb7 Rxb2+ 48. Kxa7 Re7+ 49. Ka6 Re3 50. a4 h3 51. a5 h2 52. Rxh2 Rxh2 53. Kb7 Rh6 0-1

[Event "Capricorne"]
[Site "Chambly CAN"]
[Date "2025.01.22"]
[Round "3.3"]
[White "Poirier-Champagne, Samuel"]
[Black "Tse, Chun Wing"]
[Result "0-1"]
[WhiteElo "1463"]
[BlackElo "1648"]
[WhiteFideId "-1"]
[WhiteFideId "-1"]
[PlyCount "70"]
[GameId "2191150456870376"]
[EventDate "2025.01.08"]
[EventType "swiss"]
[EventRounds "4"]
[EventCountry "CAN"]

1. d4 Nf6 2. c4 g6 3. Nc3 Bg7 4. e4 d6 5. f3 O-O 6. Be3 c5 7. Nge2 Nc6 8. Qd2 Qa5 9. d5 Ne5 10. Nc1 a6 11. Be2 Rb8 12. a3 Bd7 13. h3 b5 14. b3 Be8 15. f4 b4 16. N3a2 Nxe4 17. axb4 cxb4 18. Qc2 Ng3 19. fxe5 Nxh1 20. Nd3 Ng3 21. Bf3 dxe5 22. Bf2 e4 23. Bxg3 exd3 24. Qb1 Rc8 25. d6 exd6 26. Bxd6 Rd8 27. Bxb4 Qe5+ 28. Kd1 Qxa1 29. Qxa1 Bxa1 30. Bxf8 Kxf8 31. Nb4 a5 32. Nd5 Bc6 33. Kd2 Rb8 34. Bd1 Bxd5 35. cxd5 Rb5 0-1

[Event "Capricorne"]
[Site "Chambly CAN"]
[Date "2025.01.22"]
[Round "3.4"]
[White "Longpre, Martin"]
[Black "Poirier, Dany"]
[Result "1-0"]
[WhiteElo "1557"]
[BlackElo "1346"]
[WhiteFideId "-1"]
[WhiteFideId "-1"]
[PlyCount "43"]
[GameId "2191150456870377"]
[EventDate "2025.01.08"]
[EventType "swiss"]
[EventRounds "4"]
[EventCountry "CAN"]

1. e4 e5 2. Nf3 d6 3. d4 exd4 4. Nxd4 Nf6 5. Nc3 a6 6. Be2 c5 7. Nf5 Bxf5 8. exf5 Be7 9. Bf3 Nc6 10. O-O O-O 11. Bf4 Qd7 12. g4 h6 13. h4 Nd4 14. Bg2 Rad8 15. Be3 Nxc2 16. Qxc2 Nxg4 17. Qe4 Nxe3 18. fxe3 b5 19. Nd5 Rfe8 20. Qg4 f6 21. Rf3 Bf8 22. Nxf6+ 1-0

[Event "Capricorne"]
[Site "Chambly CAN"]
[Date "2025.01.22"]
[Round "3.5"]
[White "Bedard, Michel"]
[Black "Dubreuil, Raymond"]
[Result "1-0"]
[WhiteElo "1527"]
[BlackElo "1497"]
[WhiteFideId "-1"]
[WhiteFideId "-1"]
[PlyCount "83"]
[GameId "2191150456874474"]
[EventDate "2025.01.08"]
[EventType "swiss"]
[EventRounds "4"]
[EventCountry "CAN"]

1. d4 Nf6 2. Nc3 g6 3. Bf4 Bg7 4. e4 d6 5. h3 O-O 6. g4 b6 7. Qd2 Bb7 8. f3 c5 9. d5 Nbd7 10. Bh6 e5 11. Bxg7 Kxg7 12. h4 h5 13. Be2 a6 14. Qg5 b5 15. Nh3 b4 16. Nd1 hxg4 17. Ne3 Kh7 18. Nxg4 Nxg4 19. fxg4 f6 20. Qe3 Kg7 21. Nf2 Rh8 22. h5 g5 23. Rf1 a5 24. Nh1 Ba6 25. Ng3 Bxe2 26. Qxe2 Qb6 27. Qf3 c4 28. Nf5+ Kf7 29. Qh3 Rh7 30. O-O-O b3 31. axb3 cxb3 32. Rd3 a4 33. cxb3 axb3 34. Rxb3 Ra1+ 35. Kc2 Rxf1 36. Qxf1 Qc5+ 37. Rc3 Qb6 38. Rc6 Qb4 39. Nxd6+ Ke7 40. Nf5+ Kf7 41. Qc4 Qe1 42. d6+ 1-0

[Event "Capricorne"]
[Site "Chambly CAN"]
[Date "2025.01.15"]
[Round "3.6"]
[White "St-Laurent, Luc"]
[Black "Kelly, Patrick"]
[Result "1/2-1/2"]
[WhiteElo "1410"]
[BlackElo "1549"]
[WhiteFideId "-1"]
[WhiteFideId "-1"]
[PlyCount "95"]
[GameId "2191150456862181"]
[EventDate "2025.01.08"]
[EventType "swiss"]
[EventRounds "4"]
[EventCountry "CAN"]

1. d4 Nf6 2. Nf3 d5 3. g3 Bf5 4. Bg2 c6 5. c4 e6 6. Nc3 h6 7. Qb3 Qb6 8. c5 Qxb3 9. axb3 Na6 10. Ra4 Bc2 11. Nd2 Be7 12. O-O O-O 13. Re1 Rfd8 14. e3 Rd7 15. Bf1 Nc7 16. Ndb1 Ne4 17. Na3 Nxc3 18. bxc3 Be4 19. b4 a6 20. c4 Bd8 21. b5 Kf8 22. bxc6 bxc6 23. Bd2 Ne8 24. Rb4 Ba5 25. Rb2 Bxd2 26. Rxd2 Rb7 27. cxd5 exd5 28. Bd3 Nf6 29. Rb1 Rab8 30. Rxb7 Rxb7 31. Bxe4 Nxe4 32. Rd3 Rb2 33. f3 Nf2 34. Rc3 Nh3+ 35. Kh1 Ng5 36. f4 Nf3 37. Rc2 Rb3 38. Rf2 Rxe3 39. Nc2 Rd3 40. Nb4 Rd1+ 41. Kg2 Nxd4 42. Ra2 Rc1 43. Nxa6 Nb3 44. Nb8 Nxc5 45. Nxc6 f6 46. Ra8+ Kf7 47. Ra7+ Kf8 48. Ra8+ 1/2-1/2

[Event "Capricorne"]
[Site "Chambly CAN"]
[Date "2025.01.22"]
[Round "3.7"]
[White "Legault, Jean-Philippe"]
[Black "Lemieux, Serge"]
[Result "0-1"]
[WhiteElo "1431"]
[BlackElo "1353"]
[WhiteFideId "-1"]
[WhiteFideId "-1"]
[PlyCount "87"]
[GameId "2191150456874475"]
[EventDate "2025.01.08"]
[EventType "swiss"]
[EventRounds "4"]
[EventCountry "CAN"]

1. Nf3 d5 2. c4 c6 3. Nc3 Nf6 4. d4 e6 5. g3 Nbd7 6. Bg2 dxc4 7. O-O Be7 8. a4 a6 9. e4 O-O 10. Qe2 Re8 11. Qxc4 Nf8 12. Ne5 Ng6 13. Rd1 Nxe5 14. dxe5 Nd7 15. Qe2 Qc7 16. f4 Nf8 17. Be3 Bd7 18. a5 c5 19. Na4 Bxa4 20. Rxa4 b5 21. axb6 Qxb6 22. b4 Rec8 23. Bf1 Qc6 24. Rxa6 Qxe4 25. Rxa8 Rxa8 26. Bxc5 Qxe2 27. Bxe2 Bxc5+ 28. bxc5 Rc8 29. Rc1 Nd7 30. c6 Nb6 31. Ba6 Rc7 32. Bb7 Kf8 33. Kf2 Nd5 34. Kf3 Ke7 35. Kg4 f5+ 36. Kg5 Kf7 37. g4 h6+ 38. Kh4 Nxf4 39. gxf5 exf5 40. Rc5 g5+ 41. Kg3 Ne6 42. Rd5 h5 43. Rd6 h4+ 44. Kh3 0-1

[Event "Capricorne"]
[Site "Chambly CAN"]
[Date "2025.01.22"]
[Round "3.8"]
[White "Choquette, Maxime"]
[Black "Taylor, Paul"]
[Result "1-0"]
[WhiteElo "1592"]
[BlackElo "1363"]
[WhiteFideId "-1"]
[WhiteFideId "-1"]
[PlyCount "69"]
[GameId "2191150456874476"]
[EventDate "2025.01.08"]
[EventType "swiss"]
[EventRounds "4"]
[EventCountry "CAN"]

1. e4 d6 2. d4 Nf6 3. Bd3 Nc6 4. c3 Bd7 5. Nf3 e6 6. Qc2 g6 7. Nbd2 Bg7 8. h3 a6 9. a3 b5 10. e5 dxe5 11. Nxe5 Nxe5 12. dxe5 Nh5 13. Nf3 Nf6 14. exf6 Bxf6 15. Be4 Rb8 16. Be3 Qc8 17. Ba7 Ra8 18. Bxa8 Qxa8 19. Bc5 Qc6 20. b4 Qb7 21. Rd1 Bc6 22. Qd2 Qc8 23. Qe3 h5 24. O-O Qa8 25. Rd2 Bxf3 26. gxf3 Qc8 27. Rfd1 e5 28. f4 Qe6 29. Qf3 e4 30. Qg3 Be7 31. Bxe7 Qxe7 32. Rd8+ Qxd8 33. Rxd8+ Kxd8 34. Qg5+ Kc8 35. Qf6 1-0

[Event "Capricorne"]
[Site "Chambly CAN"]
[Date "2025.01.29"]
[Round "4.1"]
[White "Cournoyer, Raphael"]
[Black "Cossette, Richard"]
[Result "1-0"]
[WhiteElo "1609"]
[BlackElo "1814"]
[WhiteFideId "-1"]
[WhiteFideId "-1"]
[PlyCount "109"]
[GameId "2191150456882678"]
[EventDate "2025.01.08"]
[EventType "swiss"]
[EventRounds "4"]
[EventCountry "CAN"]

1. d4 d6 2. Nf3 g6 3. c4 Bg7 4. g3 Nf6 5. Bg2 O-O 6. O-O Nbd7 7. Nc3 c5 8. e3 cxd4 9. exd4 a6 10. Bf4 Nh5 11. Be3 Nb6 12. b3 Bg4 13. h3 Bd7 14. Rc1 Nf6 15. Qd2 Re8 16. Bh6 Bh8 17. Rfe1 Qc8 18. Kh2 e6 19. Bf4 Bc6 20. Bxd6 Rd8 21. Bf4 Bxf3 22. Bxf3 Rxd4 23. Qe3 Nbd7 24. Kg2 e5 25. Bxe5 Nxe5 26. Qxd4 Nxf3 27. Kxf3 Qc6+ 28. Nd5 Rd8 29. Qh4 Rd6 30. Kg2 Re6 31. Kg1 Qd6 32. Rxe6 Qxe6 33. Nxf6+ Bxf6 34. Qg4 Qc6 35. Rd1 Kg7 36. Qd7 Qe4 37. Qd5 Qc2 38. Rd2 Qc1+ 39. Kg2 a5 40. Re2 b6 41. Qa8 Qd1 42. Re8 Qd4 43. Rg8+ Kh6 44. Qf3 Qd6 45. Qf4+ Qxf4 46. gxf4 Bd4 47. f3 f5 48. Kg3 Bc5 49. h4 Kh5 50. Rg7 h6 51. Rd7 Bb4 52. Rb7 Bc5 53. a3 Bxa3 54. Rxb6 Bb4 55. Rxb4 1-0

[Event "Capricorne"]
[Site "Chambly CAN"]
[Date "2025.01.29"]
[Round "4.2"]
[White "Tse, Chun Wing"]
[Black "Weston, Paul"]
[Result "0-1"]
[WhiteElo "1648"]
[BlackElo "1865"]
[WhiteFideId "-1"]
[WhiteFideId "-1"]
[PlyCount "156"]
[GameId "2191150456882679"]
[EventDate "2025.01.08"]
[EventType "swiss"]
[EventRounds "4"]
[EventCountry "CAN"]

1. d4 d5 2. c4 e5 3. dxe5 d4 4. Nf3 Nc6 5. g3 Be6 6. Nbd2 Nge7 7. Bg2 Qd7 8. a3 Ng6 9. O-O Bh3 10. e6 Bxe6 11. b4 Bh3 12. Nb3 Bxg2 13. Kxg2 O-O-O 14. Bb2 Qg4 15. Qd2 d3 16. h3 Qxc4 17. Nbd4 Nxd4 18. Bxd4 Rxd4 19. Nxd4 Qxd4 20. exd3 Bd6 21. Rfe1 h5 22. Qg5 h4 23. Qf5+ Kd8 24. Qxf7 hxg3 25. fxg3 Qb2+ 26. Qf2 Qxf2+ 27. Kxf2 Rxh3 28. Re3 Be5 29. Kg2 Bxa1 30. Kxh3 Bf6 31. Kg4 Ne7 32. Kf3 c6 33. Ke4 b6 34. g4 Kd7 35. d4 Nd5 36. Rg3 g5 37. Rh3 Nf4 38. Rh7+ Be7 39. Rg7 a5 40. bxa5 bxa5 41. a4 Nd5 42. Rf7 Nc3+ 43. Kd3 Nxa4 44. Rf5 c5 45. dxc5 Nxc5+ 46. Kc4 a4 47. Rd5+ Kc6 48. Re5 Kd7 49. Rd5+ Ke6 50. Rf5 Nd7 51. Ra5 a3 52. Kd4 Nc5 53. Rxa3 Bf6+ 54. Ke3 Be5 55. Kf3 Kd5 56. Ra5 Bf4 57. Rb5 Kc4 58. Ra5 Kd4 59. Rb5 Nd3 60. Rf5 Ne5+ 61. Kf2 Ke4 62. Rf8 Nxg4+ 63. Kg2 Ne5 64. Kf2 Ng4+ 65. Kg2 Ke3 66. Re8+ Ne5 67. Re7 Ke4 68. Re8 Kf5 69. Rf8+ Kg4 70. Ra8 Ng6 71. Ra3 Bd6 72. Rb3 Nf4+ 73. Kh2 Kh4 74. Rb6 Be5 75. Rh6+ Nh5+ 76. Kg2 g4 77. Ra6 Nf4+ 78. Kg1 g3 0-1

[Event "Capricorne"]
[Site "Chambly CAN"]
[Date "2025.01.29"]
[Round "4.3"]
[White "Longpre, Martin"]
[Black "Cousineau, Francois"]
[Result "0-1"]
[WhiteElo "1557"]
[BlackElo "1756"]
[WhiteFideId "-1"]
[WhiteFideId "-1"]
[PlyCount "94"]
[GameId "2191150456894968"]
[EventDate "2025.01.08"]
[EventType "swiss"]
[EventRounds "4"]
[EventCountry "CAN"]

1. e4 c5 2. Nf3 Nc6 3. d4 cxd4 4. Nxd4 g6 5. c4 Nf6 6. Nc3 d6 7. Be2 Nxd4 8. Qxd4 Bg7 9. Qd3 O-O 10. O-O Nd7 11. h3 Nc5 12. Qc2 Bxc3 13. bxc3 Qa5 14. Bh6 Re8 15. Bf3 Qa4 16. Qxa4 Nxa4 17. Rfc1 Nc5 18. Be3 Nd3 19. Rcb1 Ne5 20. Be2 b6 21. a4 Nc6 22. f4 Ba6 23. Kf2 Na5 24. c5 Bxe2 25. Kxe2 dxc5 26. Rd1 Red8 27. Bf2 Kf8 28. Rd3 Rxd3 29. Kxd3 Ke8 30. Kc2 Rd8 31. Rd1 Rxd1 32. Kxd1 Kd7 33. Kc2 Kc6 34. g4 Nc4 35. f5 Kb7 36. Bg3 Kc6 37. Bf4 e6 38. fxe6 fxe6 39. Kb3 Nd6 40. e5 c4+ 41. Kb4 a5+ 42. Ka3 Ne4 43. Kb2 Nf2 44. Be3 Nd3+ 45. Kc2 Nxe5 46. g5 Nd3 47. h4 Nc5 0-1

[Event "Capricorne"]
[Site "Chambly CAN"]
[Date "2025.01.29"]
[Round "4.4"]
[White "Lemieux, Serge"]
[Black "Bedard, Michel"]
[Result "1/2-1/2"]
[WhiteElo "1353"]
[BlackElo "1527"]
[WhiteFideId "-1"]
[WhiteFideId "-1"]
[PlyCount "123"]
[GameId "2191150456894969"]
[EventDate "2025.01.08"]
[EventType "swiss"]
[EventRounds "4"]
[EventCountry "CAN"]

1. d4 d5 2. Bf4 Nf6 3. e3 c5 4. c3 e6 5. Nf3 a6 6. Nbd2 Nc6 7. Bd3 c4 8. Bc2 Nh5 9. Bg5 Nf6 10. O-O Be7 11. Ne5 h6 12. Nxc6 bxc6 13. Bh4 O-O 14. f3 c5 15. dxc5 Bxc5 16. Bf2 Qb6 17. Qe2 Qxb2 18. Nb3 Qa3 19. Nxc5 Qxc5 20. e4 Qa3 21. e5 Nd7 22. Bd4 Nc5 23. Qf2 Na4 24. Rfc1 Bd7 25. Rab1 Rfb8 26. Bxa4 Qxa4 27. Rb2 Rxb2 28. Qxb2 Qb5 29. Qb4 Qxb4 30. cxb4 a5 31. a3 axb4 32. axb4 Kf8 33. Ra1 Ra4 34. Bc5+ Ke8 35. Rxa4 Bxa4 36. Kf2 f6 37. f4 Kf7 38. Ke3 h5 39. Kd4 Kg6 40. Bf8 fxe5+ 41. fxe5 Kf7 42. Bd6 g5 43. Kc3 Kg6 44. Bc5 Kf5 45. Be3 Bb5 46. Kd4 h4 47. Kc5 Ba4 48. Kd4 g4 49. g3 hxg3 50. hxg3 c3 51. Bf4 c2 52. Bh6 Kg6 53. Bf4 Kf7 54. Kc5 Ke7 55. Bg5+ Kd7 56. Kd4 Kc6 57. Be3 Kb5 58. Kc3 Kc6 59. Kd4 Kb5 60. Bd2 c1=Q 61. Bxc1 Kxb4 62. Bf4 1/2-1/2

[Event "Capricorne"]
[Site "Chambly CAN"]
[Date "2025.01.29"]
[Round "4.5"]
[White "Kelly, Patrick"]
[Black "Hudon, Paul"]
[Result "1/2-1/2"]
[WhiteElo "1549"]
[BlackElo "1698"]
[WhiteFideId "-1"]
[WhiteFideId "-1"]
[PlyCount "58"]
[GameId "2191150456894970"]
[EventDate "2025.01.08"]
[EventType "swiss"]
[EventRounds "4"]
[EventCountry "CAN"]

1. e4 c5 2. Nc3 e6 3. Nf3 Nc6 4. Bb5 Qc7 5. Bxc6 Qxc6 6. d3 Nf6 7. Ne5 Qc7 8. f4 a6 9. O-O d6 10. Nf3 b5 11. Qe1 Nd7 12. f5 Be7 13. Bg5 Bxg5 14. fxe6 fxe6 15. Nxg5 Ne5 16. Qf2 Qe7 17. Qg3 Bd7 18. Nf3 Nf7 19. Qxg7 O-O-O 20. Ne5 Rhg8 21. Qxf7 Qg5 22. Rf2 Qxe5 23. Qf6 Qh5 24. Raf1 Rg6 25. Qf3 Qg5 26. Qf4 Qe7 27. Qf7 Qg5 28. Qf4 Qe7 29. Qf7 Qg5 1/2-1/2

[Event "Capricorne"]
[Site "Chambly CAN"]
[Date "2025.01.29"]
[Round "4.6"]
[White "Kerhuel-Lefebvre, Stephane"]
[Black "St-Laurent, Luc"]
[Result "1-0"]
[WhiteElo "1698"]
[BlackElo "1410"]
[WhiteFideId "-1"]
[WhiteFideId "-1"]
[PlyCount "85"]
[GameId "2191150456894971"]
[EventDate "2025.01.08"]
[EventType "swiss"]
[EventRounds "4"]
[EventCountry "CAN"]

1. d4 d5 2. Nf3 Nf6 3. g3 e6 4. Bg2 c5 5. O-O Nc6 6. e3 Rb8 7. Nbd2 b5 8. Re1 cxd4 9. exd4 Be7 10. Nb3 O-O 11. Bf4 Rb6 12. a3 Ne4 13. Nfd2 Nxd2 14. Qxd2 Bd6 15. Nc5 Bxf4 16. Qxf4 Na5 17. b3 Qd6 18. Qd2 Nc6 19. b4 Qd8 20. h4 Qf6 21. c3 Rd8 22. Re3 Ne7 23. Rae1 Qh6 24. Qc2 Nf5 25. Re5 Nd6 26. Qb1 Nc4 27. R5e2 Qf6 28. Qa1 Re8 29. Bxd5 Nd6 30. Bg2 Nc4 31. a4 bxa4 32. Qxa4 Re7 33. Ne4 Qf5 34. Nc5 Qf6 35. Qb3 Na5 36. Qa2 Nc6 37. Ne4 Qg6 38. Nd6 Nxb4 39. Nxc8 Rc7 40. cxb4 Rxc8 41. Qxa7 Rcb8 42. d5 R8b7 43. Qa2 1-0

[Event "Capricorne"]
[Site "Chambly CAN"]
[Date "2025.01.29"]
[Round "4.7"]
[White "Poirier, Dany"]
[Black "Choquette, Maxime"]
[Result "0-1"]
[WhiteElo "1346"]
[BlackElo "1592"]
[WhiteFideId "-1"]
[WhiteFideId "-1"]
[PlyCount "96"]
[GameId "2191150456894972"]
[EventDate "2025.01.08"]
[EventType "swiss"]
[EventRounds "4"]
[EventCountry "CAN"]

1. e4 e6 2. d4 d5 3. exd5 exd5 4. Nc3 Nf6 5. Bg5 c6 6. Nf3 Bd6 7. h3 Be6 8. Bd3 Nbd7 9. a3 h6 10. Bxf6 Nxf6 11. b4 a6 12. Ne2 Ne4 13. c3 Ng5 14. Ne5 Bxe5 15. dxe5 f5 16. h4 Nf7 17. Nd4 Qd7 18. f4 O-O-O 19. Qh5 Rdg8 20. Nxe6 g6 21. Qe2 Qxe6 22. O-O-O h5 23. Qc2 Nh6 24. Be2 Ng4 25. Bxg4 fxg4 26. g3 Kc7 27. Kb2 Ra8 28. c4 Rhd8 29. cxd5 Rxd5 30. Rxd5 Qxd5 31. Rd1 Qf7 32. Rd6 Rg8 33. Qd3 Rg7 34. Kc1 Qa2 35. e6 Qa1+ 36. Kd2 Qb2+ 37. Ke3 Qc1+ 38. Ke2 Qb2+ 39. Qd2 Qxd2+ 40. Rxd2 Re7 41. Rd7+ Rxd7 42. exd7 Kxd7 43. Kd3 b5 44. Kd4 Kd6 45. Ke4 c5 46. bxc5+ Kxc5 47. Kd3 Kd5 48. Kc3 Ke4 0-1

[Event "Capricorne"]
[Site "Chambly CAN"]
[Date "2025.01.29"]
[Round "4.8"]
[White "Taylor, Paul"]
[Black "Legault, Jean-Philippe"]
[Result "1-0"]
[WhiteElo "1363"]
[BlackElo "1431"]
[WhiteFideId "-1"]
[WhiteFideId "-1"]
[PlyCount "43"]
[GameId "2191150456894973"]
[EventDate "2025.01.08"]
[EventType "swiss"]
[EventRounds "4"]
[EventCountry "CAN"]

1. e4 c6 2. Nc3 d5 3. Nf3 dxe4 4. Nxe4 Nf6 5. Qe2 Bg4 6. d3 e6 7. Bg5 Nbd7 8. h3 Qa5+ 9. Bd2 Bxf3 10. Qxf3 Qb6 11. O-O-O Be7 12. Be3 Qa5 13. Kb1 Nd5 14. Bd2 Qb6 15. Qg3 O-O 16. Bh6 g6 17. Bxf8 Kxf8 18. d4 a5 19. Nd6 Qb4 20. Nc4 a4 21. a3 Qb5 22. Ne5 1-0

[Event "Capricorne (hors-concours)"]
[Site "Chambly CAN"]
[Date "2025.01.15"]
[Round "2"]
[White "Poirier, Dany"]
[Black "Tse, Edwin"]
[Result "1-0"]
[WhiteElo "1346"]
[BlackElo "1227"]
[WhiteFideId "-1"]
[WhiteFideId "-1"]
[PlyCount "75"]
[GameId "2191150456833493"]
[EventDate "2025.01.08"]
[EventType "swiss"]
[EventRounds "7"]
[EventCountry "CAN"]

1. e4 c6 2. d4 d5 3. Nc3 dxe4 4. Nxe4 Nf6 5. f3 Bf5 6. Ng3 Bg6 7. N1e2 e6 8. Nc3 c5 9. Bb5+ Nc6 10. dxc5 Bxc5 11. Bd2 O-O 12. Bxc6 bxc6 13. h4 Qc7 14. Nge2 Nh5 15. Qc1 Ng3 16. Bf4 Nxe2 17. Nxe2 Qb6 18. Bg3 Rfd8 19. Bf4 Bf2+ 20. Kf1 e5 21. Bd2 Rd7 22. Ba5 Qxa5 23. Kxf2 Qc5+ 24. Kg3 Qc4 25. Nc3 f5 26. Rd1 Rxd1 27. Nxd1 Bh5 28. Nf2 Rf8 29. Qg5 f4+ 30. Kh2 g6 31. Rd1 Qxc2 32. Qxe5 Qc4 33. Ne4 Qf7 34. Ng5 Qf5 35. Qc7 Rf7 36. Rd8+ Kg7 37. Nxf7 Qxf7 38. Rd7 1-0

[Event "Capricorne U1400"]
[Site "Chambly CAN"]
[Date "2025.01.08"]
[Round "1.8"]
[White "Vallee, Genevieve"]
[Black "Alameddine, Karim"]
[Result "0-1"]
[WhiteElo "1241"]
[BlackElo "1322"]
[WhiteFideId "-1"]
[WhiteFideId "-1"]
[PlyCount "56"]
[GameId "2191150456767951"]
[EventDate "2025.01.08"]
[EventType "swiss"]
[EventRounds "4"]
[EventCountry "CAN"]

1. e4 e5 2. Nf3 d6 3. Nc3 c6 4. Bc4 h6 5. d3 Nf6 6. O-O Be7 7. a4 O-O 8. Ne2 Kh7 9. c3 Qc7 10. d4 Nbd7 11. Bd3 a6 12. Ng3 g6 13. Qd2 Ng8 14. h3 c5 15. d5 c4 16. Bc2 Nc5 17. b4 cxb3 18. Bd1 Bd7 19. a5 Bf6 20. Kh2 Bg7 21. Rh1 b2 22. Qxb2 Nd3 23. Qd2 Nxc1 24. Qxc1 h5 25. Ra3 Bh6 26. Qc2 Bf4 27. Kg1 Bxg3 28. fxg3 Qc5+ 0-1

[Event "Capricorne U1400"]
[Site "Chambly CAN"]
[Date "2025.01.08"]
[Round "1.9"]
[White "Doyon, Martin"]
[Black "Tse, Edwin"]
[Result "1-0"]
[WhiteElo "1289"]
[BlackElo "1227"]
[WhiteFideId "-1"]
[WhiteFideId "-1"]
[PlyCount "71"]
[GameId "2191150456821200"]
[EventDate "2025.01.08"]
[EventType "swiss"]
[EventRounds "4"]
[EventCountry "CAN"]

1. Nf3 Nf6 2. g3 d5 3. d3 c6 4. Bg2 Bg4 5. O-O e6 6. c3 Bd6 7. Bg5 Nbd7 8. e4 h6 9. Bxf6 Nxf6 10. exd5 cxd5 11. Nbd2 O-O 12. Re1 Re8 13. Qc2 Qb6 14. d4 Rac8 15. Ne5 Bf5 16. Qb3 Qxb3 17. axb3 Ra8 18. c4 Rec8 19. c5 Bc7 20. b4 a5 21. b5 Ne8 22. b6 Bd8 23. Ra3 Bg5 24. f4 Bf6 25. Rea1 Bxe5 26. fxe5 g6 27. Rxa5 Rxa5 28. Rxa5 Ng7 29. Ra7 Rb8 30. Nb3 Bd3 31. Bf1 Bxf1 32. Kxf1 Nf5 33. Na5 Nxd4 34. Rxb7 Ra8 35. Ra7 Rb8 36. b7 1-0

[Event "Capricorne U1400"]
[Site "Chambly CAN"]
[Date "2025.01.08"]
[Round "1.10"]
[White "Tarte, Ariste"]
[Black "De Guise, Ronald"]
[Result "1-0"]
[WhiteElo "1191"]
[BlackElo "1284"]
[WhiteFideId "-1"]
[WhiteFideId "-1"]
[PlyCount "79"]
[GameId "2191150456829393"]
[EventDate "2025.01.08"]
[EventType "swiss"]
[EventRounds "4"]
[EventCountry "CAN"]

1. e4 e5 2. d4 exd4 3. Qxd4 Nc6 4. Qd1 Bc5 5. Nc3 Nge7 6. Nf3 Ng6 7. Bc4 O-O 8. O-O a6 9. a3 Nce5 10. Ng5 Nxc4 11. Qd5 Ba7 12. Qxc4 h6 13. Nf3 d6 14. Rd1 Be6 15. Qd3 b5 16. e5 Bc4 17. Qd2 Bb8 18. exd6 cxd6 19. b3 Be6 20. Bb2 Ra7 21. Qd4 f6 22. Qe4 Bf7 23. Re1 Re8 24. Qd3 Nf4 25. Qf5 d5 26. Nd4 Bg6 27. Qg4 Rae7 28. Rxe7 Qxe7 29. Nf3 f5 30. Qh4 Qd6 31. Kf1 Bc7 32. g3 Bd8 33. Qxf4 Qf6 34. Rb1 Qc6 35. Qd4 Bf6 36. Qxd5+ Qxd5 37. Nxd5 Bxb2 38. Rxb2 Bh5 39. Kg2 Bf7 40. Nc7 1-0